Flagi krajów związkowych, nieuznawanych i terytoriów zależ. - Statystyki

Ogólne statystyki
  • Ten quiz został rozwiązany 160 razy
  • Średni wynik to 20 z 27
Statystyki odpowiedzi
Obrazkowy Hint Odpowiedź % Poprawnych
Wielka Brytania Szkocja
100%
Wielka Brytania Walia
99%
Wielka Brytania Anglia
96%
Chiny Hongkong
91%
Stany Zjednczone Portoryko
91%
Dania Grenlandia
90%
Izrael Palestyna
90%
Chiny Tajwan
90%
Dania Wyspy Owcze
89%
Wielka Brytania Gibraltar
88%
Wielka Brytania Irlandia Północna
85%
Stany Zjednoczone Guam
82%
Turcja Cypr Północny
76%
Holandia Aruba
72%
Wielka Brytania Jersey
67%
Gruzja Abchazja
66%
Wielka Brytania Bermudy
64%
Stany Zjednoczone Samoa Amerykańskie
64%
Finlandia Wyspy Alandzkie
64%
Azerbejdżan Górski Karabach
61%
Francja Polinezja Francuska
61%
Stany Zjednoczone Wyspy Dziewicze Stanów Zjednoczonych
59%
Australia Wyspa Bożego Narodzenia
57%
Nowa Zelandia Tokelau
56%
Wielka Brytania Brytyjskie Wyspy Dziewicze
52%
Holandia Sint Maarten
50%
Wielka Brytania Guernsey
44%
Nie znaleziono quizów pasujących do podanych kryteriów
Rozkład punktacji
Procent ludzi z każdym wynikiem
Percentyl według liczby udzielonych odpowiedzi
Twoja historia wyników
Nie rozwiązałeś tego quizu